书目信息 |
| 题名: |
中国高校招生专业大全
|
|
| 作者: | 关则良 主编 | |
| 分册: | ||
| 出版信息: | 南宁 广西人民出版社 1991.8 |
|
| 页数: | 995页 | |
| 开本: | 26cm | |
| 丛书名: | ||
| 单 册: | ||
| 中图分类: | G647.32 , G649.28 | |
| 科图分类: | 38.8284 | |
| 主题词: | 高等学校--专业--中国--手册 | |
| 电子资源: | ||
| ISBN: | 7-219-01880-0 | |
| 000 | 00761nam0 2200241 45 | |
| 001 | 0192016742 | |
| 005 | 20061113100558.67 | |
| 010 | @a7-219-01880-0@b精装@dCNY38.80 | |
| 100 | @a19920528d1991 em y0chiy0121 ea | |
| 101 | 0 | @achi |
| 102 | @aCN@b450000 | |
| 105 | @ay z 000yy | |
| 200 | 10 | @a中国高校招生专业大全@AZHONG GUO GAO XIAO ZHAO SHENG ZHUAN YE DA QUAN@f关则良等主编@FGUAN ZE LIANG DENG ZHU BIAN |
| 210 | @a南宁@c广西人民出版社@d1991.8 | |
| 215 | @a995页@d26cm | |
| 540 | 1 | @a中国 高校 招生@AZHONG GUO GAO XIAO ZHAO SHENG |
| 606 | @a高等学校@x专业@y中国@x手册 | |
| 690 | @aG647.32@v三版 | |
| 690 | @aG649.28@v3 | |
| 692 | @a38.8284 | |
| 701 | 0 | @a关则良@AGUAN ZE LIANG@4主编 |
| 801 | 0 | @aCN@bTSSF@c20061113 |
| 905 | @a10447@dG649.28@e103 | |
| 中国高校招生专业大全/关则良等主编.-南宁:广西人民出版社,1991.8 |
| 995页;26cm |
| ISBN 7-219-01880-0(精装):CNY38.80 |
| ● |
| 相关链接 |
|
|
|
|
正题名:中国高校招生专业大全
索取号:G649.28/103
 
预约/预借
| 序号 | 登录号 | 条形码 | 馆藏地/架位号 | 状态 | 备注 |
| 1 | 0224465 | 002067435 | 第一样本阅览室/ [索取号:G649.28/103] | 在馆 |